| 000 | 00876nam a22002297a 4500 | ||
|---|---|---|---|
| 008 | 240605b mp ||||| |||| 00| 0 mon d | ||
| 035 | _a25507 | ||
| 040 |
_aHE0623081 _bmon _cMN-UlNLM _dMN-UlNLM _erda |
||
| 041 | _amon | ||
| 042 | _a59351 | ||
| 084 |
_2NNA _a74.100.5 _bӨ.794 |
||
| 245 | 0 | _aӨнгө гэж юу вэ? | |
| 264 |
_aУБ. _bМонсудар хэвлэлийн газар _c2019 |
||
| 300 | _a7х. | ||
| 336 |
_2rdacontent _atext _btxt |
||
| 337 |
_2rdamedia _aunmediated _bn |
||
| 338 |
_2rdacarrier _avolume _bnc |
||
| 490 | _aЯагаад | ||
| 650 | _a"Яагаад", "Ямар учраас, яаж?" гэсэн хүүхдийн тоо томшгүй олон асуултанд гайхал төрүүлэм хөгжөөнтэй, найрсаг зураг дүрслэлүүд, на... | ||
| 942 |
_2NNA _cBK |
||
| 999 |
_c895195 _d895252 |
||